00548 2200181 4500001002100000005001500021035002000036007000300056008004100059020002200100082001700122084002300139100001900162245008800181260003700269300004300306650001700349INLIS00000000000114620250124094411 a0010-0125000029ta250124 g 0 ind  a978-979-582-210-3 a636.2.085.51 a636.2.085.51 IWA p0 aIwan Herdiawan1 aPotensi Vegetasi Perkebunan Kelapa Sawit sebagai Pakan Ruminansia /cIwan Herdiawan aJakarta :bPertanianPress,c2022 aviii, 57 hlm. :bIlus ;c15 cm x 21 cm 4aKelapa Sawit